Electronic Devices And Circuits (Record no. 354334)

MARC details
000 -LEADER
fixed length control field 00366nam a2200145Ia 4500
008 - FIXED-LENGTH DATA ELEMENTS--GENERAL INFORMATION
fixed length control field 230719s9999 xx 000 0 und d
041 ## - LANGUAGE CODE
Language code of text/sound track or separate title eng
082 ## - DEWEY DECIMAL CLASSIFICATION NUMBER
Classification number 621.3815'3
Item number MIL
100 ## - MAIN ENTRY--PERSONAL NAME
Personal name Millman J.
245 ## - TITLE STATEMENT
Title Electronic Devices And Circuits
260 ## - PUBLICATION, DISTRIBUTION, ETC. (IMPRINT)
Name of publisher, distributor, etc. Tata Mc-graw Hill Pub.
300 ## - PHYSICAL DESCRIPTION
Extent 752
365 ## - TRADE PRICE
Currency code Rs.
Price amount 110.00
700 ## - ADDED ENTRY--PERSONAL NAME
Personal name Millman J. & Halkias C.C.
Holdings
Withdrawn status Lost status Damaged status Not for loan Home library Current library Shelving location Date acquired Vendor Cost, normal purchase price Full call number Barcode Date last seen Cost, replacement price Bill Date Koha item type Original Barcode
        Cummins College of Engineering for Women Pune Cummins College of Engineering for Women Pune Donated Book 07/01/2016 Masurkar Enterprises 110.00 621.3815'3 CCEP-DB-539 19/07/2023 110.00 19/07/2023 Books D00539